Statistics for Countries with NO Snakes

Click here to take the quiz!

General Stats

  • This quiz has been taken 42,814 times
  • The average score is 4 of 9

Answer Stats

Country% Correct
Iceland
83%
Ireland
65%
New Zealand
49%
Nauru
41%
Tuvalu
38%
Vatican City
36%
Kiribati
34%
Marshall Islands
30%
Cape Verde
18%

Score Distribution

Percentile by Number Answered

Percent of People with Each Score

Your Score History

You have not taken this quiz